| 000 | 00362 a2200157 4500 | ||
|---|---|---|---|
| 001 | 61094 | ||
| 020 | _a97885775526246 | ||
| 040 | _cAnchieta - Pituba | ||
| 100 | _aFarias, Airton | ||
| 240 | 1 | 0 |
_aUm olhar sobre os governos militares _lpor |
| 245 | 1 | 0 | _aUm olhar sobre os governos militares |
| 300 | _a80 | ||
| 362 | 0 | _a2009 | |
| 650 | 4 | _aBrasil | |
| 942 | _cBK | ||
| 999 |
_c61094 _d61094 |
||